Muuttoliike Suomessa - Statistics

Yleistilastot
  • Tätä visaa on pelattu 64 kertaa
  • Keskiarvotulos 15 / 24
Vastaustilastot
Kysymys Vastaus % Oikein
Eniten muuttovoittoa 15-24-vuotiaista saaneet kunnat Helsinki
98%
Eniten muuttovoittoa 15-24-vuotiaista saaneet kunnat Turku
98%
Eniten muuttovoittoa 15-24-vuotiaista saaneet kunnat Tampere
95%
Eniten muuttovoittoa 15-24-vuotiaista saaneet kunnat Oulu
93%
Mistä viidestä ulkomaasta Suomessa oleskeli eniten kansalaisia vuonna 2017? Venäjä
91%
Mistä viidestä ulkomaasta Suomessa oleskeli eniten kansalaisia vuonna 2017? Ruotsi
87%
Historialisesti kaksi merkittävintä suomalaisten siirtolaisuusaaltoa 1800-luvun lopussa seä 1960-luvulla suuntautuivat Ruotsiin
87%
Mistä viidestä ulkomaasta Suomessa oleskeli eniten kansalaisia vuonna 2017? Viro
87%
Historialisesti kaksi merkittävintä suomalaisten siirtolaisuusaaltoa 1800-luvun lopussa seä 1960-luvulla suuntautuivat... Yhdysvaltoihin
80%
Laadullisessa muuttoliikkeessä huomioidaan muuttajan Ikä
76%
Eniten muuttovoittoa 15-24-vuotiaista saaneet kunnat Jyväskylä
76%
Työllisistä muuttajista eniten tappiota kärsineet maakunnat Lappi
60%
Väestökehityksen osatekijöitä ovat... Luonnollinen väestönlisäys (syntyvyys-kuolleisuus)
60%
Laadullisessa muuttoliikkeessä huomioidaan muuttajan Koulutus
56%
Työllisistä muuttajista eniten tappiota kärsineet maakunnat Pohjois-Karjala
56%
Työllisistä muuttajista eniten tappiota kärsineet maakunnat Pohjois-Pohjanmaa
55%
Väestökehityksen osatekijöitä ovat Nettomaahanmuutto (maahanmuutto-maastamuutto)
51%
Mistä viidestä ulkomaasta Suomessa oleskeli eniten kansalaisia vuonna 2017? Kiina
49%
Mistä viidestä ulkomaasta Suomessa oleskeli eniten kansalaisia vuonna 2017? Irak
45%
Laadullisessa muuttoliikkeessä huomioidaan muuttajan Tulot
33%
Työllisistä muuttajista eniten tappiota kärsineet maakunnat Keski-Suomi
31%
Arviolta montako prosenttia Suomen kunnista tekee maahanmuutolla muuttovoittoa? 100%
29%
Laadullisessa muuttoliikkeessä huomioidaan muuttajan... Työmarkkina-asema
25%
Väestökehityksen osatekijöitä ovat Kuntien välinen nettomuutto
7%
Ehtoja vastaavia visoja ei löytynyt
Tulosjakauma
Jokaisen tuloksen saaneiden osuus
Persentiili vastausten määrän mukaan
Tuloshistoriasi
Et ole pelannut tätä visaa